Blacklist - membres de la Blacklist - Statistiques

Statistiques générales
  • Ce quiz a été pris 99 fois
  • Le résultat moyen est 7 sur 181
Statistiques - réponses
Hint Réponse % Correct
N°00 Raymond Reddington
66%
N°01 Elizabeth Keen
60%
N°07 Tom Keen
59%
N°04 Mr. Kaplan
41%
N°08 Berlin
34%
N°10 Dembe Zuma
34%
N°03 Katarina Rostova
33%
N°80 Marvin Gerard
20%
N°145 Le Freelance
18%
N°101 L'Alchimiste
12%
N°14 Alexander Kirk
11%
N°24 Le Directeur
11%
N°32 Solomon
10%
N°13 Ian Garvey
8%
N°160 Le Marmiton
8%
N°152 Gina Zanetakos
7%
N°38 Le Désinformateur
7%
N°48 Frederick Barnes
6%
N°29 Dr. Bodgan Krilov
5%
N°72 Eli Matchett
5%
N°34 Isabella Stone
5%
N°88 Ivan
5%
N°20 Le Corse
5%
N°12 Le Décembriste
5%
N°57 Le Juge
5%
N°21 Luther Braxton
5%
N°09 Robert Vesco
5%
N°18 Susan Hargrave
5%
N°11 Tom Connoly
5%
N°98 Adrian Shaw
4%
N°109 Général Ludd
4%
N°95 Gregory Devry
4%
N°37 Greyson Blaise
4%
N°43 Le Djinn
4%
N°42 Le Faiseur de Rois
4%
N°78 Le Gardien
4%
N°124 Le Pharmacien
4%
N°94 Les Rois
4%
N°108 Les Rois de la Route
4%
N°53 Les Troyens
4%
N°83 Mako Tanida
4%
N°66 Mato
4%
N°65 Miles McGrath
4%
N°61 Philomena
4%
N°28 Rakitin
4%
N°15 Robert Diaz
4%
N°30 Smokey Putnum
4%
N°103 Alistair Pitt
2%
N°60 Anna McMahon
2%
N°67 Buslam Denisov
2%
N°86 Crispin Crandall
2%
N°113 Drexel
2%
N°70 Dr. Laken Perillos
2%
N°79 Esteban
2%
N°81 Gaia
2%
N°54 Ilyas Surkov
2%
N°05 Ivan Stepanov
2%
N°89 James Covington
2%
N°71 Justin Kenyon
2%
N°59 L'Apothicaire
2%
N°107 L'Architecte
2%
N°106 Le Bon Samaritain
2%
N°114 Le Cartel de Mombasa
2%
N°93 Le Chasseur Solitaire
2%
N°22 Le Cimeterre
2%
N°46 Le Collecteur de dettes
2%
N°85 Le Coursier
2%
N°56 Le Cuistot
2%
N°62 Leonard Caul
2%
N°119, 120, 121 et 122 Les Frères Pavlovich
2%
N°06 Les Parapluies Osterman
2%
N°19 Le Tueur du Capricorne
2%
N°104 Lord Baltimore
2%
N°44 L'Unitaire
2%
N°73 Madeline Pratt
2%
N°143 Marie la chimiste
2%
N°87 Quon Zhang
2%
N°150 Roy Cain
2%
N°17 Sutton Ross
2%
N°117 Vanessa Cruz
2%
N°100 Abraham Stern
1%
N°25 Anna-Gracia Duerte
1%
N°129 Balthazar 'Bino' Baker
1%
N°69 Dame Fortune
1%
N°33 Dr. Hans Koehler
1%
N°198 Dr. Michel Abani
1%
N°97 Initiative longévité
1%
N°77 Lady Ambroisie
1%
N°74 La Faction
1%
N°64 L'Agence Cyprus
1%
N°132 La Vehme
1%
N°75 Le Commandant
1%
N°45 L'Écorcheur
1%
N°47 Le Groupe Kilgannon
1%
N°102 Le Harem
1%
N°163 Le Prévisionniste
1%
N°41 Le Réseau Artax
1%
N°105 Le Service Lindquist
1%
N°151 Les Fleurs du Mal
1%
N°118 L'Informateur
1%
N°82 Linus Creel
1%
N°111 Lipet
1%
N°58 Marko Jankowics
1%
N°135 Milter Bobbit
1%
N°76 Miss Rebecca Thrall
1%
N°184 Natalie Luca
1%
N°110 Nicholas T. Moore
1%
N°40 Odgen Greeley
1%
N°159 Orion Relocation Services
1%
N°23 Zarak Mosadek
1%
N°182 Absinthe
0%
N°131 Alter Ego
0%
N°185 Andrew Kennison
0%
N°16 Anslo Gannick
0%
N°154 Arcane Wireless
0%
N°50 Arioch Caine
0%
N°183 Benjamin T. Okara
0%
N°39 Blair Foster
0%
N°164 Boukman Baptiste
0%
N°155 Cornelius Ruck
0%
N°130 Dr. Lewis Powell
0%
N°168 Dr. Razmik Maier
0%
N°153 Dr. Roberta Sand
0%
N°177 El Conejo
0%
N°123 Ethan Donovan
0%
N°181 Eva Manson
0%
N°140 Fribourg Confidence
0%
N°116 Général Shiro
0%
N°176 Genuine Model Inc.
0%
N°141 Godwin Page
0%
N°158 Gordon Kemp
0%
N°128 Guillermo Rizal
0%
N°125 Hannah Hayes
0%
N°172 Helen Maghi
0%
N°192 John X
0%
N°55 Karakut
0%
N°169 La Banque Caelum
0%
N°35 La Cyranoïde
0%
N°90 L'Agence de voyages
0%
N°200 La Hyèna
0%
N°192 La Mariée de nulle part
0%
N°49 L'Ange vengeur
0%
N°166 L'Anneau des morts
0%
N°159 L'Apiculteur
0%
N°180 Laszlo Jankowics
0%
N°127 La Wellstone Agency
0%
N°26 Lawrence Dane Davis
0%
N°165 Le Baleinier
0%
N°96 Le Capitaine Kidd
0%
N°142 Le Conglomérat
0%
N°178 Le CPS
0%
N°161 Le Cryptobanquier
0%
N°173 Le Facteur
0%
N°63 Le Halo invisible
0%
N°148 Leon Kinklinski
0%
N°171 Le Patron
0%
N°36 Le Protée
0%
N°156 et 157 Les Frères Kazanjian
0%
N°146 et 147 Les Prêteurs sur gages
0%
N°199 Les Quatres Pistolets
0%
N°91 L'Éthicien
0%
N°136 Le Tiers État
0%
N°92 Le Tueur de Brockton
0%
N°162 L'Hawaladar
0%
N°27 Louis T. Steinheil
0%
N°99 Minister D
0%
N°112 Monarch Douglas
0%
N°167 Morgana Logistics Corporation
0%
N°51 Mr. Raleigh Sinclair II
0%
N°144 Newton Purcell
0%
N°133 Nicholas Obenrader
0%
N°138 Norman Devane
0%
N°149 Nyle Hatcher
0%
N°115 Olivia Olsen
0%
N°68 Patricia Sue Edwards
0%
N°52 Ranko Zamana
0%
N°139 Roanoke
0%
N°126 Twamies Ullulaq
0%
N°137 Victoria Fenberg
0%
N°84 Winjing
0%
N°31 Zal Bin Hasann
0%
Aucun quiz correspondant
Distribution des résultats
% des personnes avec chaque résultat
Percentile par nombre de réponses
Votre historique - résultats
Vous n’avez pas pris ce quiz